Farský list Ludanickej farnosti miestny časopis na povznesenie praktického katolíckeho života vo farnosti

Bibliographic Details
Format: Journal
Language:Slovak
PhysicalDescription:1 zv. 22 cm
Published: Ludanice Rímsko katolícky farský úrad 1940-1941
Subjects:

MARC

LEADER 00000cas a2200000 a 4500
001 vtls009304419
003 SK-MaSNL
005 20260228162334.0
008 080617d19401941xo x p 0 b0slo
040 |a SNK  |b slo  |c SNK  |e AACR2 
041 0 |a slo 
043 |a e-xo--- 
044 |a xo  |c SK 
072 7 |a 271/279  |x Kresťanské cirkvi, sekty, denominácie  |2 konspekt 
080 |a 272-774  |2 2011 
080 |a 050  |2 2011 
080 |a 2-12  |2 2011 
080 |a (437.6)  |2 2011 
080 |a 2(051)  |2 2011 
245 0 0 |a Farský list Ludanickej farnosti  |b miestny časopis na povznesenie praktického katolíckeho života vo farnosti 
260 |a Ludanice  |b Rímsko katolícky farský úrad  |c 1940-1941 
300 |a 1 zv.  |c 22 cm 
310 |a Nepravidelne 
362 0 |a Č. 1 (1940/1941)-č. 4 (1940/1941) 
650 0 7 |a katolícke farnosti  |2 SNKPH  |9 3771 
651 7 |a Ludanice (Slovensko)  |2 SNKPHgeo  |9 82097 
655 7 |a náboženské časopisy  |2 SNKPH  |9 70790 
910 |a snk 
999 |c 7624  |d 9554 
952 |0 0  |1 0  |4 0  |7 0  |a SNK  |b SNK  |d 2008-06-17  |i snkČSP 176/57  |l 0  |o snkČSC 662/1941  |p 17A0588022  |r 2026-02-21 21:29:47  |t č. 3  |w 2026-02-21  |y PREZ